000 00212 a2200097 4500
001 52496
100 _aHastings M
245 _aBattle for the Falklands
260 _aLondon
_bM Joseph
_c
090 _c32983
_d32983
942 _aNUST-CAE
_cM
_c25539
999 _c287569
_d287569